Calacas, chamucos y chinelos : fiestas tradicionales y promoción juvenil /

Furkejuvvon:
Bibliográfalaš dieđut
Váldodahkki: Machín Ramírez, Juan (comp.)
Materiálatiipa: Girji
Giella:espánnjágiella
Ráidu:(Reflexiones de una Cultura Joven en Acción ; 1)
Fáttát:
Fáddágilkorat: Lasit fáddágilkoriid
Eai fáddágilkorat, Lasit vuosttaš fáddágilkora!

MARC

LEADER 00000nam^a2200000^a^4500
001 000316493
005 20250521000000.0
009 20260310113315.142
037 |a Acervo ITESO - Biblioteca 
041 |a ESP 
082 |a 306. 663097249  |b MAC 
100 |a Machín Ramírez, Juan  |e (comp.) 
245 1 0 |a Calacas, chamucos y chinelos :  |b fiestas tradicionales y promoción juvenil /  |c Comp. de J. Ramírez Machín. 
264 |a Cuernavaca, México :  |b CEDOJ, Cultura Joven,  |c 1999 
300 |a 176 p. 
336 |a texto  |b txt  |2 rdacontenido 
337 |a sin mediación  |b n  |2 rdamedio 
338 |a volumen  |b nc  |2 rdasoporte 
440 1 |a (Reflexiones de una Cultura Joven en Acción ;  |v 1) 
649 |a XX 
650 |a Jóvenes -  |z Morelos -  |x Tema Principal 
650 |a Jóvenes -  |z Morelos -  |x Condiciones Sociales y Culturales 
650 |a Jóvenes -  |z México -  |x Condiciones Sociales y Culturales 
650 |a Orientación Pastoral -  |z Morelos -  |x Tema Principal 
650 |a Orientación Pastoral -  |z México 
650 |a Fiestas Religiosas -  |z Morelos -  |x Tema Principal 
650 |a Fiestas Religiosas -  |z México 
650 |a Fiestas -  |z Morelos -  |x Tema Principal 
650 |a Fiestas -  |z México 
650 |a Religión -  |z Morelos 
650 |a Religión -  |z México 
650 |a Prácticas Culturales -  |z Morelos 
650 |a Prácticas Culturales -  |z México 
650 |a Identidad Cultural -  |z Morelos 
650 |a Identidad Cultural -  |z México 
650 |a Sociología de la Religión 
650 |a Sociología de la Cultura 
650 |a Antropología Cultural 
650 |a Morelos -  |x Condiciones Sociales y Culturales 
650 |a México -  |x Condiciones Sociales y Culturales 
910 |a Fondo General 
920 |a Impresos - Libros 
930 |a Colección General 
905 |a 101 
901 |a 0500203276  |b IT1  |c ACC  |i D50037  |u 20250521 
902 |a https://opac.biblio.iteso.mx/vufind/Record/000316493